| 000 | 00691nam a2200229 i 4500 | ||
|---|---|---|---|
| 001 | 100130 | ||
| 003 | ES-MaACL | ||
| 005 | 20240209063117.0 | ||
| 007 | t| | ||
| 008 | 050922s1981 sp d |||| | spa d | ||
| 020 | _a84-283-1132-3 | ||
| 100 | 1 |
_aMartínez de Sousa, José, _d1933- _978033 |
|
| 245 | 1 | 0 |
_aDiccionario de tipografía y del libro / _cJosé Martínez de Sousa. |
| 250 | _a2ª ed. | ||
| 260 |
_aMadrid : _bParaninfo, _c1981. |
||
| 300 |
_aXVI, 547 p. ; _c20 cm. |
||
| 500 | _aAparato legislativo - Índices. | ||
| 504 | _aBibliografía: p. [541]-547. | ||
| 650 | 4 |
_aImprenta- _vDiccionarios. _9148635 |
|
| 852 |
_aES-MaACL _jL-8462 |
||
| 999 |
_c100130 _d100130 |
||